Valuing the environment

Αποθηκεύτηκε σε:
Λεπτομέρειες βιβλιογραφικής εγγραφής
Κύριος συγγραφέας: Malnes, Raino
Μορφή: Βιβλίο
Γλώσσα:English
Δημοσίευση: Manchester : Manchester University Press, c1995.
Σειρά:Issues in environmental politics
Θέματα:
Ετικέτες: Προσθήκη ετικέτας
Δεν υπάρχουν, Καταχωρήστε ετικέτα πρώτοι!

MARC

LEADER 00000cam a2200000 i 4500
001 1/716
008 000412s1995 enk| ||| |||| ||eng||
020 |a 0719044863 
035 |l 10059758 
040 |a GR-MyUa  |b gre  |e AACR2 
041 0 |a eng 
082 7 |a 363.7   |2 (22) 
100 1 |a Malnes, Raino. 
245 1 0 |a Valuing the environment /   |c Raino Malnes. 
260 |a Manchester :   |b Manchester University Press,   |c c1995. 
300 |a xiv, 136 σ. ;   |c 23 εκ. 
490 1 |a (Issues in environmental politics) 
504 |a Περιλαμβάνει βιβλιογραφικές παραπομπές (σ. [128]-133) και ευρετήριο. 
650 0 0 |a Environmental policy. 
650 0 0 |a Environmental responsibility. 
830 0 |a Issues in environmental politics 
852 |a INST  |b LESVOS  |e 20000412  |h 363.7 MAL  |p 005100023234  |q 005100023234  |t BK  |y 0 
901 |a BIBL1-2000-1 
922 |a 1ΕΛΗ  |b 200003  |c ΚΠΣ/ΤΓ  |d LEADER 
970 |a ΤΖΑΦΕΡΗ  |b ΕΥΑΓΓΕΛΙΑ  |z 2000/04/12